Pokémon par couleur : blanc - Statistiques

Statistiques générales
  • Ce quiz a été pris 76 fois
  • Le résultat moyen est 15 sur 20
Statistiques - réponses
Par images Réponse % Correct
Arceus
100%
Blizzi
100%
Corayon de Galar
100%
Emolga
100%
Furaiglon
100%
Mangriff
100%
Meloetta
100%
Reshiram
100%
Sabelette d'Alola
100%
Sorboul
100%
Togekiss
100%
Sorbébé
93%
Darumacho de Galar
92%
Pyrobut
92%
Tarsal
92%
Gardevoir
91%
Togepi
91%
Goélise
90%
Pachirisu
90%
Pyrax
90%
Darumarond de Galar
89%
Regigigas
89%
Absol
88%
Polarhume
88%
Wattouat
87%
Anchwatt
86%
Blizzaroi
86%
Funécire
85%
Lakmécygne
85%
Lugia
85%
Gallame
83%
Otaria
83%
Galopa de Galar
82%
Goupix d'Alola
82%
Ponyta de Galar
82%
Dialga
80%
Kirlia
80%
Zigzaton de Galar
79%
Lamantine
78%
Sorbouboul
78%
Papilusion
75%
Pyronille
75%
Charmilly
73%
Katagami
73%
Solgaleo
71%
Flambino
70%
Pandarbare
70%
Couafarel
69%
Morphéo
69%
Queulorior
69%
Zéroïd
69%
Armulys
67%
Gaulet
67%
Gueriaigle de Hisui
67%
Pandespiègle
67%
Momartik
64%
Prismillon
64%
Crèmy
63%
Linéon
63%
Cancrelove
62%
Trompignon
62%
Drackhaus
60%
Duralugon
60%
Floette
60%
Linéon de Galar
60%
Polagriffe
60%
Quatermac
60%
Sucroquin
60%
Beldeneige
57%
Gouroutan
55%
Moumouton
55%
Palarticho
55%
Blizzeval
54%
Viskuse
54%
Crabominable
50%
Togetic
50%
Vigoroth
50%
Draïeul
43%
Florges
40%
Frissonille
38%
Cupcanaille
36%
mistigrix
33%
M. Mime de Galar
33%
Moumouflon
30%
Corayôme
25%
Pierroteknik
23%
Moyade
20%
Aucun quiz correspondant
Distribution des résultats
% des personnes avec chaque résultat
Percentile par nombre de réponses
Votre historique - résultats
Vous n’avez pas pris ce quiz